Les Simpson - Les super-héros dans la série - Statistiques

Statistiques générales
  • Ce quiz a été pris 48 fois
  • Le résultat moyen est 8 sur 10
Statistiques - réponses
Question Réponse % Correct
Quel super-héros Bart s'est-il créé à son image ? Bartman
94%
Il n'est pas un super-héros mais la simple mascotte d'une marque de bière. Comment s'appelle-t-il ? Duffman
94%
De quel super-héros de bande dessinée Bart est-il fan ? Radioactive Man
94%
Quand Homer a renommé Spider Cochon, quel nouveau nom lui a-t-il donné ? Harry Crotter
89%
Dans un Horror Show, Bart et Lisa sont soumis à une irradiation et obtiennent des pouvoirs. Quel pouvoir obtient Bart ? il peut étirer son corps
89%
Quel surnom Homer a-t-il choisi pour son personnage de vengeur masqué aux attaques pâtissières ? Tarteman
83%
Quel rôle Milhouse a-t-il joué au cinéma ? Atomic Boy
72%
Même question que précédemment pour Lisa, quel pouvoir obtient-elle ? elle peut soulever des charges lourdes
72%
Krusty a joué le méchant dans un film de super-héros. Contre qui s'est-il battu ? Batman
50%
Quel est le nom du super-héros imaginé par le vendeur de BD ? Everyman
44%
Aucun quiz correspondant
Distribution des résultats
% des personnes avec chaque résultat
Percentile par nombre de réponses
Votre historique - résultats
Vous n’avez pas pris ce quiz